Statistics for Bad Photography - Footballers #2

Click here to take the quiz!

General Stats

  • This quiz has been taken 29 times
  • The average score is 10 of 16

Answer Stats

Answer% Correct
Cristiano Ronaldo
97%
David De Gea
97%
Harry Kane
97%
Zinedine Zidane
97%
Kylian Mbappé
90%
Fernando Torres
79%
Romelu Lukaku
79%
Sam Kerr
72%
Patrick Kluivert
69%
Megan Rapinoe
62%
Pavel Nedvěd
62%
Francesco Totti
45%
Paul Scholes
41%
Geoff Hurst
21%
Rui Costa
14%
Juninho Paulista
10%

Score Distribution

Percentile by Number Answered

Percent of People with Each Score

Your Score History

You have not taken this quiz